000 00758nas a2200253 4500
001 BR0807762
003 BR-BrBNA
005 20231205112728.0
007 ta
008 230509b bl.|||p| |||| 00| 00por d
040 _aBR-BrBNA
_bpor
_cBiblioteca Nacional de Agricultura
041 _a(En)
072 _aF60
100 1 _aPessoa, J.D.C.
100 1 _aCalbo, A.G.
245 1 _aApoplasm hydrostatica pressure on growth of cylindrical cells
650 _aPLANTA
650 _aBIOLOGIA VEGETAL
650 _aCÉLULA
650 _aPRESSÃO HIDROSTÁTICA
773 0 _tBrazilian Journal of Plant Physiology (Brazil)
_xISSN 1677-0420
_g(Jan-Apr 2004), v. 16(1) p. 17-24
_wBR0807762
909 _a202311
_bLúcia
_c55
_dLúcia Elande
942 _2AGRIS
_n0
_cANA
999 _c199630
_d199630